UM Logo

Trading systems and methods: (Record no. 1424)

MARC details
000 -LEADER
fixed length control field 00754nam a22002297a 4500
003 - CONTROL NUMBER IDENTIFIER
control field OSt
005 - DATE AND TIME OF LATEST TRANSACTION
control field 20160920113035.0
008 - FIXED-LENGTH DATA ELEMENTS--GENERAL INFORMATION
fixed length control field 160323b xxu||||| |||| 00| 0 eng d
020 ## - INTERNATIONAL STANDARD BOOK NUMBER
International Standard Book Number 978-1-118-04356-1
040 ## - CATALOGING SOURCE
Transcribing agency LIC
082 ## - DEWEY DECIMAL CLASSIFICATION NUMBER
Edition number 2013
Classification number DC 332.644
Item number K16
100 ## - MAIN ENTRY--PERSONAL NAME
9 (RLIN) 4318
Personal name Kaufman, Perry J.
245 ## - TITLE STATEMENT
Title Trading systems and methods:
Remainder of title + website/
Statement of responsibility, etc. Perry J. Kaufman.
250 ## - EDITION STATEMENT
Edition statement Fifth Edition
260 ## - PUBLICATION, DISTRIBUTION, ETC. (IMPRINT)
Place of publication, distribution, etc. New Jersey:
Name of publisher, distributor, etc. John Wiley & Sons, Inc.,
Date of publication, distribution, etc. c2013.
300 ## - PHYSICAL DESCRIPTION
Extent xviii, 1212 pages:
Other physical details illustrations;
Dimensions 26 cm.
365 ## - TRADE PRICE
Price amount 9,871.00
Currency code Php
500 ## - GENERAL NOTE
General note Includes bibliographical references and index.
650 #0 - SUBJECT ADDED ENTRY--TOPICAL TERM
9 (RLIN) 4320
Topical term or geographic name as entry element Commodity exchanges
General subdivision Statistical methods.
650 #0 - SUBJECT ADDED ENTRY--TOPICAL TERM
9 (RLIN) 4321
Topical term or geographic name as entry element Technical analysis (investment analysis)
942 ## - ADDED ENTRY ELEMENTS (KOHA)
Source of classification or shelving scheme Dewey Decimal Classification
Koha item type Circulation
Holdings
Withdrawn status Lost status Source of classification or shelving scheme Damaged status Not for loan Collection code Home library Current library Date acquired Source of acquisition Total Checkouts Full call number Barcode Date last seen Copy number Cost, replacement price Price effective from Koha item type
    Dewey Decimal Classification     Circulation UM Digos College - LIC UM Digos College - LIC 01/21/2014 Purchased   DC 332.644 K16 2013 22153 05/15/2025 1 9871.00 03/23/2016 Circulation